[Event "Calvia Amateur op 17th"]
[Site "Calvia"]
[Date "2020.10.16"]
[Round "7"]
[White "Lopez Gonzalez, Miguel"]
[Black "Ferrer Mygina, Juan"]
[Result "0-1"]
[WhiteElo "1829"]
[BlackElo "1523"]
[PlyCount "50"]
[EventDate "2020.10.10"]
[EventType "swiss"]
[EventRounds "9"]
[EventCountry "ESP"]
[SourceTitle "CBM 198 Extra"]
[Source "ChessBase"]
[SourceDate "2020.11.30"]
[SourceVersion "1"]
[SourceVersionDate "2020.11.30"]
[SourceQuality "1"]

1. d4 Nf6 2. c4 g6 3. Nc3 Bg7 4. e4 d6 5. Be2 0-0 6. f4 e5 7. fxe5 dxe5 8. d5 Nbd7 9. Bg5 h6 10. Bh4 g5 11. Bf2 Nh7 12. Nf3 b6 13. 0-0 Qe7 14. Nd2 Ndf6 15. Nb3 a5 16. a4 Nd7 17. Nb5 Nc5 18. Bxc5 bxc5 19. Qd2 Nf6 20. Bd3 Nh5 21. Nxa5 Rxa5 22. Qxa5 Nf4 23. Rxf4 gxf4 24. Qxc7 Qg5 25. Be2 Bh3 0-1